Vimarsana Viharam (Record no. 5084)

MARC details
000 -LEADER
fixed length control field 00415nam a2200133Ia 4500
008 - FIXED-LENGTH DATA ELEMENTS--GENERAL INFORMATION
fixed length control field 211109s9999||||xx |||||||||||||| ||und||
082 ## - DEWEY DECIMAL CLASSIFICATION NUMBER
Classification number 894.81209
Item number MAT-V
100 ## - MAIN ENTRY--PERSONAL NAME
Personal name Mattom, C Kurian Kathanar
245 #0 - TITLE STATEMENT
Title Vimarsana Viharam
260 ## - PUBLICATION, DISTRIBUTION, ETC.
Name of publisher, distributor, etc. City Press
Place of publication, distribution, etc. Thiruvananthapuram
Date of publication, distribution, etc. 1928
630 ## - SUBJECT ADDED ENTRY--UNIFORM TITLE
General subdivision General Stack
650 ## - SUBJECT ADDED ENTRY--TOPICAL TERM
Topical term or geographic name entry element Literatures of other languages
942 ## - ADDED ENTRY ELEMENTS (KOHA)
Koha item type BOOK
650 ## - SUBJECT ADDED ENTRY--TOPICAL TERM
Form subdivision Malayalam LiteratureMalayalam Poetry
General subdivision Malayalam
Holdings
Withdrawn status Lost status Damaged status Not for loan Home library Current library Date acquired Cost, normal purchase price Total Checkouts Full call number Barcode Shelving location Date last seen Price effective from Koha item type
        SB LIBRARY SB LIBRARY 09/11/2021 100.00   894.81209 MAT-V 00005540 GENERAL STACK 09/11/2021 09/11/2021 BOOK

Powered by Koha